000 01000cam a2200325ua 4500
001 4454565
003 ARRUPE
005 20141105180047.0
008 860515s1986 enka b 001 0 eng
010 _a85227095
020 _a0713182636 (pbk) :
035 _a(OCoLC)14001209
035 _a(OCoLC)ocm14001209
035 _a(NNC)4454565
040 _dCStRLIN
_csdd
043 _afw-----
050 0 _aBR1460
_b.C57 1986
090 _aBR1460
_b.C57 1986
100 1 _aClarke, Peter B.
_q(Peter Bernard)
_912437
245 1 0 _aWest Africa and Christianity /
_cPeter B. Clarke.
260 _aLondon :
_bE. Arnold,
_c1986.
300 _avi, 271 p. :
_bill. ;
_c23 cm.
500 _aCover subtitle: A study of religious development from the 15th to the 20th century.
500 _aIncludes index.
504 _aBibliography: [250]-255.
650 0 _aMissions
_zAfrica, West
_xHistory.
_912438
651 0 _aAfrica, West
_xChurch history.
_912439
942 _2lcc
_cMONOGRAPH
999 _c121187
_d121187